| 000 | 00454nam a2200169Ia 4500 | ||
|---|---|---|---|
| 003 | GCL | ||
| 008 | 140319s9999 xx 000 0 eng d | ||
| 040 |
_aGCL / _cGCL |
||
| 082 | 0 | 4 |
_a658.4012 _bD S |
| 100 | 1 | _aDAVID, FRED R. | |
| 245 | 1 | 0 |
_aSTRATEGIC MANAGEMENT , 4TH ed / _cDAVID, FRED R. |
| 260 |
_a[S.N] : _bMACMILLAN PUBLBISHING COMPANY ، _c1993 |
||
| 300 | _a929 P | ||
| 650 | 0 | 4 | _aCASE STUDIES |
| 650 | 0 | 4 | _aSTRATEGIC PLANNING |
| 942 |
_2ddc _cBK |
||
| 999 |
_c19135 _d19135 |
||